Responsabilidad patrimonial solidaria de directores, administradores, síndicos y socios en las leyes de sociedades y concursos (Registro nro. 3347)
[ vista simple ]
| 000 -LEADER | |
|---|---|
| fixed length control field | 01612 a2200229 4500 |
| 001 - CONTROL NUMBER | |
| control field | 41057 |
| 005 - DATE AND TIME OF LATEST TRANSACTION | |
| control field | 20260407155704.0 |
| 008 - FIXED-LENGTH DATA ELEMENTS--GENERAL INFORMATION | |
| fixed length control field | 260407a2003 arg spa d |
| 003 - CONTROL NUMBER IDENTIFIER | |
| control field | AR-UNSa-BCEJYS |
| 040 ## - CATALOGING SOURCE | |
| Original cataloging agency | AR-UNSa-BCEJYS |
| Language of cataloging | spa |
| Transcribing agency | AR-UNSa-BCEJYS |
| 080 ## - UNIVERSAL DECIMAL CLASSIFICATION NUMBER | |
| Universal Decimal Classification number | 347.72 |
| Common auxiliary subdivision | Sociedades comerciales |
| 020 ## - INTERNATIONAL STANDARD BOOK NUMBER | |
| International Standard Book Number | 950-894-389-0 |
| 041 ## - LANGUAGE CODE | |
| Language code of text/sound track or separate title | spa |
| 100 1# - MAIN ENTRY--PERSONAL NAME | |
| Personal name | Highton, Federico R. |
| 245 10 - TITLE STATEMENT | |
| Title | Responsabilidad patrimonial solidaria de directores, administradores, síndicos y socios en las leyes de sociedades y concursos |
| 264 #1 - PRODUCTION, PUBLICATION, DISTRIBUTION, MANUFACTURE, AND COPYRIGHT NOTICE | |
| Place of production, publication, distribution, manufacture | Buenos Aires : |
| Name of producer, publisher, distributor, manufacturer | AD-HOC |
| Date of production, publication, distribution, manufacture, or copyright notice | 2003 |
| 300 ## - PHYSICAL DESCRIPTION | |
| Extent | 144 p. |
| Dimensions | 23 cm. |
| 505 ## - FORMATTED CONTENTS NOTE | |
| Formatted contents note | 1. Citas legales y doctrinarias - 2. La teoría de la penetración en sede judicial - 3. Aplicación de normas de derecho civil - 4. Legitimación activa y pasiva - 5. Regla central: lealtad y diligencia - 6. Obligación de conservar el activo - 7. Conductas varias que fueron juzgadas - 8. Responsabilidad de los síndicos - 9. Situaciones especiales - 10. Jurisprudencia penal - 11. Extensión de la quiebra - 12. Armonización de las normas societarias y concursales sobre acciones de responsabilidad - 13. Acciones de responsabilidad de entidades financieras en liquidación. El banco central y los derechos humanos - 14. La sociedad de un solo socio (legal o virtual) y la legitimación de responsabilidad. Sociedad extranjera de un solo socio - 15. Cuestión teórica: la limitación de responsabilidad del comerciante individual |
| 590 ## - LOCAL NOTE (RLIN) | |
| Local note | niveau_biblio:m niveau_hierar:0 |
| 856 41 - ELECTRONIC LOCATION AND ACCESS | |
| Uniform Resource Identifier | <a href="https://biblioeco.unsa.edu.ar/pmb/images/libros/L126350.jpg">https://biblioeco.unsa.edu.ar/pmb/images/libros/L126350.jpg</a> |
| Link text | Imagen de portada |
| Electronic format type | image/jpeg |
| 942 ## - ADDED ENTRY ELEMENTS (KOHA) | |
| Koha item type | |
| Withdrawn status | Lost status | Damaged status | Not for loan | Home library | Current library | Shelving location | Date acquired | Total checkouts | Full call number | Barcode | Date last seen | Price effective from | Koha item type |
|---|---|---|---|---|---|---|---|---|---|---|---|---|---|
| Biblioteca Prof. Eusebio Cleto del Rey | Biblioteca Prof. Eusebio Cleto del Rey | 07/04/2026 | 347.72 H638 | L126350 | 07/04/2026 | 07/04/2026 | Libro |